00551nam a2200145Ia 4500008004100000245008600041260003700127260000900164300000600173650002600179650001200205856009600217999001900313952007300332170516s9999 xx 000 0 und d aHuman schistosomiasis: A diagnostic imaging focused review of a neglected disease bRadiology of Infectious Diseases c2015 a: xRadiologic Technology xRadtech uhttps://www.journals.elsevier.com/radiology-of-infectious-diseases/most-downloaded-articles c332462d332462 001040aCLbCLd2017-05-16l0r2017-05-16 00:00:00w2017-05-16yFOJ